Výber II

Bibliographic Details
Main Author: Hrušovský, Ján, 1892-1975 (Author)
Other Authors: Horváth, Tomáš, 1971- (Compiler)
Format: Book
Language:Slovak
PhysicalDescription:634 s. 21 cm
Published: Bratislava Slovenský Tatran 2004
ISBN:8022205184
8022205168
Edition:1. vyd.
Series:Zlatý fond slovenskej literatúry
Subjects:

MARC

LEADER 00000nam a2200000 a 4500
001 vtls001520360
003 SK-MaSNL
005 20260302073913.0
008 240314s2004 xo g 000 f slo
015 |a SNBA2005/04-01241 
020 |a 8022205184  |q (viaz.)  |c 249,00 Sk 
020 |a 8022205168  |q (súbor) 
040 |a SNK  |b slo  |c SNK  |e AACR2 
041 0 |a slo 
044 |a xo  |c SK 
072 7 |a 821.162.4-3  |x Slovenská próza  |2 konspekt 
080 |a (082.2)  |2 MDT-MRF 
080 |a 821.162.4-31  |2 MDT-MRF 
100 1 |a Hrušovský, Ján,  |d 1892-1975  |4 aut  |9 123134 
245 1 0 |a Výber II  |c Ján Hrušovský; [vybral, zostavil a štúdiu napísal Tomáš Horváth] 
250 |a 1. vyd. 
260 |a Bratislava  |b Slovenský Tatran  |c 2004 
300 |a 634 s.  |c 21 cm 
490 1 |a Zlatý fond slovenskej literatúry  |v zv. 89. 
504 |a Bibliogr. s. 633-634 
655 7 |a slovenské romány  |2 SNKPH  |9 70324 
655 7 |a antológie  |2 SNKPH  |9 70414 
655 7 |a komentované vydanie  |2 SNKPH  |9 70501 
700 1 |a Horváth, Tomáš,  |d 1971-  |4 com  |9 103763 
830 0 |a Zlatý fond slovenskej literatúry  |9 276883 
919 |a 80-222-0518-4 
968 |d 821 
999 |c 1162813  |d 1164743 
952 |a SNK  |b SNK  |y PREZ  |7 0  |p 17A0460665  |o snkSC 119347/2  |i snk2005/4222  |8 0  |0 0  |1 0  |4 0  |d 2005-03-18  |l 0  |r 2025-05-28 00:00:00  |w 2026-02-24 
952 |a SNK  |b SNK  |y VYP  |7 0  |p 17A0460664  |o snkSC 119347/2 D1  |i snk2005/4223  |8 0  |0 0  |1 0  |4 0  |d 2005-03-18  |l 0  |r 2026-02-24 20:38:55  |w 2026-02-24